1972 1516 1073 1529 1327 1526 1773 1608 1007 1584 1699 1335 1840 1780 1507 1925 1125 1612 1390 1186 1856 1388 1383 1800 1560 1956 1517 1460 1830 1437 1471 1815 1803 1795 1568 1912 1693 1053 1295 1466 1237 1113 1713 1111 1814 1880 1911 1881 1121 1908 1656 1113 1118 1425 1019 1268 1313 1009 1957 1569 1669 1054 1143 1293 1609 1955 1018 1614 1234 1550 1931 1509 1200 1270 1640 1927 1288 1889 1916 1697 1382 1789 1720 1538 1441 1208 1907 1615 1236 1263 1725 1185 1171 1445 1254 1610 1794 1037 1802 BCNSPRNW ULIB Ver.6.0+V

เปลี่ยนเป็นภาษาไทย

Change to English
 แสดงรายละเอียดบรรณานุกรม
  กลับหน้าหลัก

Brief Record : Get Marc (ISO 2709) : E-mail record : QR code < ปิดหน้าต่าง
LEADER : 00000nam 2200000uu 4500
001    13399110376
003     ULIB
008    110429s2551||||th 000 0 tha d
020    9789740673606
060 04 WO100^bพ246ศ 2551
110 2  ราชวิทยาลัยศัลยแพทย์แห่งประเทศไทย
245 10 ศัลยศาสตร์วิวัฒน์ 37 :^bUpdate in general surgery 2008 /^cบรรณาธิการ, พรพรหม เมืองแมน ... [และคนอื่น ๆ]
250    พิมพ์ครั้งที่ 1
260    กรุงเทพฯ :^bโฆสิตการพิมพ์,^c2551
300    625 หน้า :^bภาพประกอบ
504    มีบรรณานุกรมและดรรชนีประกอบ
650  2 Surgery
700 00 พรพรหม เมืองแมน,^eบรรณาธิการ
945    ^p800^l0^i027924
945    ^p800^l0^i027923
945    ^p800^l0^i027922
995    ทศพร
999 ^a ใช้งานได้ทุกระบบ
รายการนี้ยังไม่มีแท็ก
คุณยังไม่ได้ล็อกอิน คุณสามารถมีกิจกรรมร่วมกับเว็บไซต์ได้ แต่ต้องล็อกอินก่อน ::
  ล็อกอิน

รายการสื่อสารสนเทศ

ลำดับที่ ประเภท เลขเรียก/บาร์โค้ด สถานที่ สถานะ
- ไม่พบข้อมูล -

รายการใกล้เคียง
    หัวเรื่อง [Surgery]

BibComment


ยังไม่เคยถูกคอมเมนท์

คอมเมนท์ทรัพยากรรายการนี้
  คอมเมนท์: ศัลยศาสตร์วิวัฒน์..


 Copyright 2026. Bcnsprnw @Library